| Tag |
First Indicator |
Second Indicator |
Subfields |
| LEADER |
00000cam a2200000 4500 |
| 001 |
in00001982945 |
| 006 |
m | d | |
| 007 |
cr |n||||||||n |
| 008 |
791208s1741 enk|||| s 00||||eng d |
| 005 |
20260414193312.6 |
| 035 |
|
|
|a (CStRLIN)ESTCT74250
|
| 040 |
|
|
|a Uk-ES
|c Uk-ES
|d CStRLIN
|d Thomson Gale
|d UtOrBLW
|
| 100 |
1 |
|
|a Stennett, Joseph,
|d 1692-1758.
|
| 245 |
1 |
4 |
|a The nature, and reward of true liberality :
|b A sermon occasioned by the decease of Mr. Samuel Burch, who departed this life June 10, 1741. ... Preach'd at his interment ... and afterwards, in Little-Wild-Street, London. By Joseph Stennett.
|
| 264 |
|
3 |
|a London :
|b printed for Aaron Ward; and H. Whitridge,
|c 1741.
|
| 300 |
|
|
|a 51, 1 unnumbered page ;
|c 8⁰.
|
| 336 |
|
|
|a text
|b txt
|2 rdacontent
|
| 337 |
|
|
|a computer
|b c
|2 rdamedia
|
| 338 |
|
|
|a online resource
|b cr
|2 rdacarrier
|
| 500 |
|
|
|a Also issued as part of: 'Sermons on several subjects', London, [1746].
|
| 500 |
|
|
|a Reproduction of original from the British Library.
|
| 510 |
4 |
|
|a English Short Title Catalog,
|c ESTCT74250.
|
| 533 |
|
|
|a Electronic reproduction.
|b Farmington Hills, Mich. :
|c Thomson Gale,
|d 2003.
|n Available via the World Wide Web.
|n Access limited by licensing agreements
|7 s2003 miunns
|
| 500 |
|
|
|a Electronic resource.
|
| 830 |
|
0 |
|a Eighteenth century collections online.
|
| 856 |
4 |
0 |
|u http://proxy.library.tamu.edu/login?url=https://galenet.galegroup.com/servlet/ECCO?c=1&stp=Author&ste=11&af=BN&ae=T074250&tiPG=1&dd=0&dc=flc&docNum=CW119157866&vrsn=1.0&srchtp=a&d4=0.33&n=10&SU=0LRF&locID=txshracd2898
|z Full text online
|t 0
|
| 999 |
|
|
|a MARS
|
| 999 |
f |
f |
|s d8a4ee65-4f50-3b47-bcd4-a7ca24c838b7
|i ba0d772c-a4d5-392d-a56c-9559908e77aa
|t 0
|
| 952 |
f |
f |
|a Texas A&M University
|b College Station
|c Electronic Resources
|s www_evans
|d Available Online
|t 0
|h No information provided
|
| 998 |
f |
f |
|t 0
|l Available Online
|